000 01066nas a2200289 4500
001 BR8102081
003 BR-BrBNA
005 20231205084628.0
007 ta
008 230509b bl.|||p| |||| 00| 00por d
040 _aBR-BrBNA
_bpor
_cBiblioteca Nacional de Agricultura
041 _a(Pt)
072 _aF30
100 1 _aCaroso, G.F.
100 1 _aPaim, N.R.
100 1 _aPrates, E.R.
245 1 _aAvaliacao da producao e persistencia de progenies e cultivares de Lotus corniculatus L. [Cornichao; Rio Grande do Sul; Brasil]
_bParte de tese
246 1 _aYield persistence and evaluation of progenies and cultivars of the Lotus corniculatus L. [Ground honeysuckle; Rio Grande do Sul; Brazil]
_b[Part of thesis]
650 _aMelhoramento genetico vegetal
650 _aCornichao
650 _aProgenie
650 _aVariedade
650 _aRio Grande do Sul
773 0 _tPesquisa Agropecuaria Brasileira (Brazil)
_xISSN 0100-204X
_g(May 1981), v. 16(3) p. 341-346
_wBR8102081
909 _a202311
_bLúcia
_c55
_dLúcia Elande
942 _2AGRIS
_n0
_cANA
999 _c106332
_d106332